Score 0/30 Timer 03:00
1 Play Today
% Correct
Want
97.5%
Trains
94.8%
Miss
94.3%
Sound
94.1%
Santa
94%
Movie
93.8%
Dragon
93.7%
Bear
90.6%
Mind
90.1%
Places
87.5%
Naked
84.3%
Mars
84.2%
Uncle
83.9%
Runnings
79.2%
Christmas
77.4%
% Correct
Amigos!
74.3%
National
72.4%
Who's
68.5%
Jungle
66.6%
Lantern
65.2%
Millions
60.4%
Wolverine
60.3%
Lampoon's
57.1%
Just
45.6%
My
39.9%
Man
35.5%
Hard
33.2%
Magoo
27.9%
Safe
12.6%
Wish
8.9%

Today's Daily Dose

Remove Ads.
Support Sporcle.
Get the best of Sporcle when you Go Orange. This ad-free experience offers more features, more stats, and more fun while also helping to support Sporcle. Thank you for becoming a member.

You're not logged in!

Compare scores with friends on all Sporcle quizzes.
OR
Log In

Show Comments

Extras

Top Quizzes Today


Score Distribution

Your Account Isn't Verified!

In order to create a playlist on Sporcle, you need to verify the email address you used during registration. Go to your Sporcle Settings to finish the process.

Report this User

Report this user for behavior that violates our Community Guidelines.

Details: